Coefficient of repeatability, stability, and adaptability estimates for Psidium guajava S1 progenies via mixed models (Registro n. 330888)
[ somente texto ]
| 000 -LÍDER | |
|---|---|
| fixed length control field | 04158nab a2200361 i 4500 |
| 003 - CÓDIGO MARC DA AGÊNCIA CATALOGADORA | |
| Campo de controle | BR-BrBNA |
| 005 - DATA E HORA DA ÚLTIMA ATUALIZAÇÃO | |
| Campo de controle | 20250407133420.0 |
| 008 - CAMPO DE TAMANHO FIXO | |
| fixed length control field | 250407b2023 bl.ar|pooa||| 00| 0 eng | |
| 040 ## - FONTE DA CATALOGAÇÃO | |
| Agência catalogadora | BR-BrBNA |
| Idioma da catalogação | eng |
| 072 ## - CATEGORIA AGRIS | |
| Código AGRIS | F30 |
| Código do objeto | 1116 |
| 100 ## - ENTRADA PRINCIPAL - NOME PESSOAL | |
| Nome pessoal | Ambrósio, Moisés |
| 100 ## - ENTRADA PRINCIPAL - NOME PESSOAL | |
| Nome pessoal | Viana, Alexandre Pio |
| 100 ## - ENTRADA PRINCIPAL - NOME PESSOAL | |
| Nome pessoal | Cavalcante, Natan Ramos |
| 100 ## - ENTRADA PRINCIPAL - NOME PESSOAL | |
| Nome pessoal | Preisigke, Sandra da Costa |
| 100 ## - ENTRADA PRINCIPAL - NOME PESSOAL | |
| Nome pessoal | Santana, Josefa Grasiela Silva |
| 100 ## - ENTRADA PRINCIPAL - NOME PESSOAL | |
| Nome pessoal | Crevelari, Jocaria Ambrosim |
| 245 ## - TÍTULO PRINCIPAL | |
| Título principal | Coefficient of repeatability, stability, and adaptability estimates for Psidium guajava S1 progenies via mixed models |
| 500 ## - NOTA GERAL | |
| Nota geral | <br/><br/>Publicação online; 48 ref.; 5 tables; Summaries (En, Pt) |
| 942 ## - ADDED ENTRY ELEMENTS (KOHA) | |
| Koha item type | Analítica |
| 520 ## - NOTA DE RESUMO | |
| Nota de conteúdo | <br/><br/><br/>Abstract - This study intends to estimate the coefficient of repeatability for traits relating to yield, so as to infer what is the minimum number of evaluations required to identify superior genotypes; to verify adaptability and stability; to predict genetic gains; and to select the best families and in S1 progenies of Psidium guajava. Families were obtained by means of self-fertilization of superior genotypes (full sibs) from the guava tree genetic breeding program of the UENF. The experiment was implemented at the Experimental Station of Ilha Barra do Pomba, in the municipality of Itaocara-RJ. In this case, an experimental randomized block design was used with 18 inbred families, three replicates, and ten plants per plot. Inbred families were evaluated in three harvests regarding fruit weight, number of fruits per plant, and total yield. It was then conducted an analysis of repeatability, adaptability, and stability of genotypes by means of the Selegen/REML/BLUP program. Repeatability values show that the performance of genotypes is constant among measurements, suggesting the need to perform only three evaluations for the selection of superior genotypes. There was agreement on the choice of families 1, 4, 6, and 12 as the most yielded, adaptable, and stable for the traits evaluated.<br/><br/><br/>Index terms - Inbreeding; guava tree, REML/BLUP. |
| 520 ## - NOTA DE RESUMO | |
| Nota de conteúdo | <br/><br/><br/>Resumo - O presente estudo tem por objetivo estimar o coeficiente de repetibilidade das características referentes à produção da goiabeira, a fim de inferir qual o número mínimo de avaliações é necessário para identificar genótipos superiores, além de verificar a adaptabilidade e a estabilidade, bem como prever os ganhos genéticos e selecionar as melhores famílias em progênies S1 de Psidium guajava. As famílias foram obtidas por meio de autofecundações de genótipos superiores (irmãos-completos) do programa de melhoramento genético de goiabeiras da UENF. O experimento foi implementado na Estação Experimental da Ilha Barra do Pomba, no município de Itaocara-RJ. O delineamento experimental utilizado foi blocos ao acaso, com 18 famílias endogâmicas, três repetições e 10 plantas por parcela. Foram avaliadas as famílias endogâmicass em três safras, quanto ao peso dos frutos, ao número de frutos por planta e à produção total. Posteriormente, foi realizada a análise de repetibilidade, adaptabilidade e estabilidade dos genótipos através do programa Selegem/REML-BLUP. Os valores de repetibilidade demonstram que o desempenho dos genótipos é constante entre as medições, indicando a necessidade de apenas três avaliações para a seleção dos genótipos superiores. Houve concordância na escolha das famílias 1;4; 6 e 12 como as mais produtivas, adaptáveis e estáveis para os caracteres avaliados.<br/><br/><br/>Index terms:- Endogamia, goiabeira, REML/BLUP |
| 650 ## - ASSUNTO - THESAGRO | |
| Cabeçalho tópico ou nome geográfico | GOIABA |
| 650 ## - ASSUNTO - THESAGRO | |
| Cabeçalho tópico ou nome geográfico | VARIEDADE |
| 650 ## - ASSUNTO - THESAGRO | |
| Cabeçalho tópico ou nome geográfico | SELEÇÃO |
| 650 ## - ASSUNTO - THESAGRO | |
| Cabeçalho tópico ou nome geográfico | GENÓTIPO |
| 650 ## - ASSUNTO - THESAGRO | |
| Cabeçalho tópico ou nome geográfico | VARIAÇÃO GENÉTICA |
| 650 ## - ASSUNTO - THESAGRO | |
| Cabeçalho tópico ou nome geográfico | ENDOGAMIA |
| 650 ## - ASSUNTO - THESAGRO | |
| Cabeçalho tópico ou nome geográfico | GANHO GENÉTICO |
| 650 ## - ASSUNTO - THESAGRO | |
| Cabeçalho tópico ou nome geográfico | PRODUTIVIDADE |
| 773 0# - ENTRADA ANALÍTICA | |
| Host Biblionumber | 805 |
| Registro do item | 349549 |
| Imprenta | Jaboticabal-SP Sociedade Brasileira de Fruticultura 1978 |
| Outro identificador | 2025-2069 |
| Título | Revista Brasileira de Fruticultura (Brazil) |
| ISSN | 0100-2945 |
| Colação | v. 45 p. 1-15; (2023) |
| Número de controle de registro | BR2025000498 |
| 856 ## - ACESSO E ENDEREÇO ELETRÔNICO | |
| Identificador uniforme de recurso - URI | https://www.scielo.br/j/rbf/a/Qt8WpbWpRwkBk3DngyDmgkS/?format=pdf&lang=en |
Nenhum exemplar disponível.

BINAGRI